000
00470nam a2200169Ia 4500
008
090711s9999 xx 000 0 und d
082
_b
14
100
_a
डंके विनायक
245
_a
Sाौकट
260
_b
राज पब्लिकेशन्स
_c
1997
300
_a
200
600
_a
डंके विनायक
630
_a
Sाौकट
700
_a
डंके विनायक
730
_a
Sाौकट
942
_c
BOOK
999
_c
323494
_d
323494